000 01151nam a2200301 i 4500
001 181494
003 ES-MaACL
005 20250902225547.0
008 130123s2011 sp a |||| | spa d
020 _a978-84-92937-14-1
080 _a338.124(100)"1929"
080 _a338.124(100)"2008/..."
080 _a336.1(460)"2004/11"
245 0 0 _aPasado y presente :
_bde la Gran Depresión del siglo XX a la Gran Recesión del siglo XXI /
_cedición a cargo de Pablo Martín-Aceña ; Jordi Palafox Gamir, Michael D. Bordo, Harold James ... [et al.].
250 _a1ª ed.
260 _aBilbao :
_bFundación BBVA,
_c2011.
300 _a383 p. :
_bgráf. ;
_c24 cm.
504 _aReferencias bibliográficas.
650 0 4 _aCrisis económicas-
_y1929.
_911422
650 0 _aCrisis económicas- 2008
_9236570
651 4 _aEspaña-
_xSituación económica-
_y2004-2011.
_9152135
700 1 _aMartín Aceña, Pablo.
_977383
700 1 _aPalafox Gamir, Jordi.
_9152136
710 2 _aFundación BBVA
_94230
852 _aES-MaACL
_jA-12564
_9188395
_bR.148716
_cDEPO1
_dOlim: N-5567
942 _2udc
_cMONOGRAFIA
999 _c181494
_d181494